Geography Quiz

Random Geography or City Quiz

US 'A' Cities on a Map Quiz Stats

Quiz Updated Feb 24, 2015

Challenge
Share
Tweet
Score 0/20 Timer 06:00
2 Plays Today
% Correct
Austin
93.3%
Atlanta
88.8%
Albany
79.8%
Anchorage
78.1%
Albuquerque
68.6%
Anaheim
66.3%
Ann Arbor
58.8%
Akron
49%
Augusta
46.9%
Aurora
43.3%
% Correct
Aurora
43.3%
Arlington
41.6%
Amarillo
36.1%
Athens
34.5%
Allen
32.2%
Allentown
31.1%
Alexandria
26.2%
Abilene
21.6%
Arvada
10.3%
Antioch
9.8%

You're not logged in!

Compare scores with friends on all Sporcle quizzes.
Join for Free
OR
Log In

You Might Also Like...

Show Comments

Extras

Top Quizzes Today


Score Distribution

Your Account Isn't Verified!

In order to create a playlist on Sporcle, you need to verify the email address you used during registration. Go to your Sporcle Settings to finish the process.

Report this User

Report this user for behavior that violates our Community Guidelines.

Details: